Multinational firms and Asian exports

সংরক্ষণ করুন:
গ্রন্থ-পঞ্জীর বিবরন
প্রধান লেখক: Cohen, Benjamin I.
বিন্যাস: গ্রন্থ
ভাষা:Undetermined
প্রকাশিত: New Haven Yale University Press 1975
বিষয়গুলি:
ট্যাগগুলো: ট্যাগ যুক্ত করুন
কোনো ট্যাগ নেই, প্রথমজন হিসাবে ট্যাগ করুন!
Thư viện lưu trữ: Trung tâm Học liệu Trường Đại học Cần Thơ
LEADER 00502nam a2200181Ia 4500
001 CTU_82111
008 210402s9999 xx 000 0 und d
082 |a 338.8 
082 |b C678 
100 |a Cohen, Benjamin I. 
245 0 |a Multinational firms and Asian exports 
245 0 |c Benjamin I. Cohen 
260 |a New Haven 
260 |b Yale University Press 
260 |c 1975 
650 |a Investments, foreign 
904 |i Trọng Hải 
980 |a Trung tâm Học liệu Trường Đại học Cần Thơ